000 00569nam a22001817a 4500
005 20251108173558.0
008 250721s2006 xx 000 0 ara d
020 _a9773041743
082 1 4 _aط/ق/ديم
100 1 _aديمير، دومينيك
_eمؤلف
245 1 0 _aزكي و صديقه زركوش /
264 1 _aالقاهره :
_bدار الياس العصرية،
_c2006.
650 1 7 _aالقصص العربية
653 _aاطفال مرحلة متوسطة 6-9 سنوات
700 1 _aفاني،
_eرسام
942 _2ddc
_cBK
999 _c107281
_d107281